神父的新装 Shen fu de xin zhuang = Father's new clothes - Matteo Ricci in China {ch} / (Record no. 36221)
[ view plain ]
| 000 -LEADER | |
|---|---|
| fixed length control field | 01100cam a2200301 a 4500 |
| 001 - CONTROL NUMBER | |
| control field | 17340200 |
| 005 - DATE AND TIME OF LATEST TRANSACTION | |
| control field | 20140520110332.0 |
| 008 - FIXED-LENGTH DATA ELEMENTS--GENERAL INFORMATION | |
| fixed length control field | 111027s2011 cc a b 000 0bchi d |
| 010 ## - LIBRARY OF CONGRESS CONTROL NUMBER | |
| LC control number | 2012388942 |
| 020 ## - INTERNATIONAL STANDARD BOOK NUMBER | |
| International Standard Book Number | 9787305082832 |
| 020 ## - INTERNATIONAL STANDARD BOOK NUMBER | |
| International Standard Book Number | 730508283X |
| 035 ## - SYSTEM CONTROL NUMBER | |
| System control number | (OCoLC)ocn759036803 |
| 042 ## - AUTHENTICATION CODE | |
| Authentication code | lccopycat |
| 043 ## - GEOGRAPHIC AREA CODE | |
| Geographic area code | a-cc--- |
| -- | e-it--- |
| 050 00 - LIBRARY OF CONGRESS CALL NUMBER | |
| Classification number | BV3427.R46 |
| Item number | S64 2011 |
| 066 ## - CHARACTER SETS PRESENT | |
| Alternate G0 or G1 character set | $1 |
| 100 1# - MAIN ENTRY--PERSONAL NAME | |
| Personal name | 宋黎明 Song, Liming. |
| 245 10 - TITLE STATEMENT | |
| Title | 神父的新装 Shen fu de xin zhuang = Father's new clothes - Matteo Ricci in China {ch} / |
| Remainder of title | 利玛窦在中国 Li Madou zai Zhongguo, 1582-1610 / |
| Statement of responsibility, etc | 宋黎明著 Song Liming zhu. |
| 246 30 - VARYING FORM OF TITLE | |
| Title proper/short title | 利玛窦在中国 Li Madou zai Zhongguo, 1582-1610 |
| 250 ## - EDITION STATEMENT | |
| Edition statement | 第1版 Di 1 ban. |
| 260 ## - PUBLICATION, DISTRIBUTION, ETC. (IMPRINT) | |
| Linkage | 880-05 |
| Place of publication, distribution, etc | 南京市 Nanjing Shi : |
| Name of publisher, distributor, etc | 南京大学出版社 Nanjing da xue chu ban she, |
| Date of publication, distribution, etc | 2011. |
| 300 ## - PHYSICAL DESCRIPTION | |
| Extent | 3, 4, 307 p. : |
| Other physical details | ill. ; |
| Dimensions | 24 cm. |
| 504 ## - BIBLIOGRAPHY, ETC. NOTE | |
| Bibliography, etc | Includes bibliographical references. |
| 600 10 - SUBJECT ADDED ENTRY--PERSONAL NAME | |
| Personal name | Ricci, Matteo, |
| Dates associated with a name | 1552-1610. |
| 650 #0 - SUBJECT ADDED ENTRY--TOPICAL TERM | |
| Topical term or geographic name as entry element | Missionaries |
| Geographic subdivision | China |
| Form subdivision | Biography. |
| 650 #0 - SUBJECT ADDED ENTRY--TOPICAL TERM | |
| Topical term or geographic name as entry element | Missionaries |
| Geographic subdivision | Italy |
| Form subdivision | Biography. |
| 942 ## - ADDED ENTRY ELEMENTS (KOHA) | |
| Source of classification or shelving scheme | Library of Congress Classification |
| Item type | Books |
| Withdrawn status | Lost status | Source of classification or shelving scheme | Damaged status | Not for loan | Home library | Current library | Shelving location | Date acquired | Accession number | Total Checkouts | Full call number | Barcode | Date last seen | Price effective from | Koha item type |
|---|---|---|---|---|---|---|---|---|---|---|---|---|---|---|---|
| Library of Congress Classification | BSOP Library | BSOP Library | Special Collections Chinese | 03/12/2013 | C-11433 | BV3427.R46 So5 2011 | 00042733 | 03/12/2013 | 03/12/2013 | Books |
